Представление документа в формате RUSMARC

ПолеНазваниеЗначение
  Тип записи a
  Библиографический уровень m
001 Контрольный номер 8cfba840c96943dfb9c3076633da1c3d
005 Дата корректировки 20190219082129.7
010 Индекс ISBN __
a ISBN 978-5-905151-35-4
d Цена подарочная
101 Язык документа 0_
a Язык текста rus
102 Страна публикации __
a Страна публикации RU
200 Заглавие и сведения об ответственности 1_
a Заглавие Дворянское хозяйство Среднего Поволжья во второй половине XIX- начале ХХ века
b Общее обозначение материала Текст
e Сведения, относящиеся к заглавию Монография
f Первые сведения об ответственности Р.В. Федосеев: науч.ред.др.ист. наук, проф. О.И. Марискин
210 Выходные данные 1_
a Место издания Саранск
c Издательство Изд. центр ИнСтИтут
d Дата издания 2016
215 Физическое описание __
a Объем 404 с.
610 Ключевые слова 0_
a Ключевые слова Дворянское хозяйство
a Ключевые слова Среднее Поволжье
a Ключевые слова Структура дворянского земледелия
686 Индексы других классификаций __
a Классификационный индекс 65.03
700 Автор _1
a Фамилия Федосеев Р. В.
801 Источник записи _0
a Страна RU
b Организация РУК
g Правила каталогизации PSBO
801 Источник записи _1
a Страна RU
b Организация РУК
g Правила каталогизации PSBO
852 Данные о местонахождении __
i Авторский знак Д 24
j Шифр хранения 65.03
901 Тип документа __
t Тип документа m
937 Технологическая информация __
a Создатель записи (имя) Носкова
938 Служебная информация __
a Название организации Саранский филиал
952 Тип литературы __
c Вид литературы монография